000 00317nam a22001457a 4500
003 OSt
005 20211231131600.0
008 211231b |||||||| |||| 00| 0 eng d
020 _a1558604308
040 _cHU
082 _a006.7
100 _aSitaram
_926615
245 _aMultimedia Servers
942 _2ddc
_cBOOKS
_n0
999 _c25544
_d25544